Wpływ partnerstwa publiczno-prywatnego na rozwój obszarów wiejskich i absorpcję środków unijnych / (Rekord nr 9089)
| 000 -ETYKIETA REKORDU | |
|---|---|
| podpole kontrolne o stałej długości | 00715naa a2200145 i 4500 |
| 001 - NUMER KONTROLNY REKORDU | |
| podpole kontrolne | 9089 |
| 003 - IDENTYFIKATOR NUMERU KONTROLNEGO REKORDU | |
| podpole kontrolne | KOSZ 005 |
| 005 - DATA OSTATNIEJ MODYFIKACJI REKORDU | |
| podpole kontrolne | 20180316124818.0 |
| 008 - POLE O STAŁEJ DŁUGOŚCI - DANE KONTROLNE | |
| podpole kontrolne o stałej długości | 150518s2009 pl | | |000 ||pol |
| 040 ## - ŹRÓDŁO KATALOGOWANIA | |
| Instytucja, która utworzyła rekord | BPK |
| Instytucja, która dokonała modyfikacji | KOSZ 005/EG |
| 100 1# - NAZWA OSOBOWA | |
| Nazwa osobowa | BŁAŻEJOWSKA, Małgorzata. |
| Lata pracy | 1996 - . |
| Instytucja | Politechnika Koszalińska - Instytut Zarządzania i Marketingu, |
| Wydział | Zespół Naukowo-Dydaktyczny Nauk Prawnych |
| 245 10 - TYTUŁ/ODPOWIEDZIALNOŚĆ | |
| Tytuł | Wpływ partnerstwa publiczno-prywatnego na rozwój obszarów wiejskich i absorpcję środków unijnych / |
| Pozostałe elementy strefy tytułu i oznaczenia odpowiedzialności | Małgorzata Błażejowska. |
| 773 0# - TYTUŁ DOKUMENTU MACIERZYSTEGO | |
| Wyrażenie wprowadzające | W : |
| Tytuł | Zeszyty Naukowe Szkoły Głównej Gospodarstwa Wiejskiego w Warszawie - Polityki Europejskie, Finanse i Marketing. - |
| Informacje dotyczące relacji | 2009, s. 249-256 |
| ISSN | 2081-3430 |
| 942 ## - HASŁO DODATKOWE - ELEMENTY(KOHA) | |
| Typ dokumentu | Artykuł |
| Schemat klasyfikacji | Uniwersalna klasyfikacja dziesiętna |
Brak dostępnych egzemplarzy.
